[Event "37th ECCC 2022"]
[Site "Mayrhofen"]
[Date "2022.10.08"]
[Round "6.24"]
[White "Meier, Alexander"]
[Black "Haldorsen, Benjamin"]
[Result "0-1"]
[WhiteElo "2221"]
[BlackElo "2449"]
[Annotator "TA"]
[PlyCount "71"]
[EventDate "2022.10.03"]
[EventType "team-tourn"]
[EventCountry "AUT"]
[SourceTitle "playchess.com"]
[Source "ChessBase"]
[SourceQuality "1"]

1. e4 c5 2. Nc3 Nc6 3. f4 g6 4. Nf3 Bg7 5. Bb5 Nd4 6. O-O e6 7. e5 a6 8. Bd3 Nxf3+ 9. Qxf3 d5 10. exd6 Qxd6 11. b3 Nf6 12. Bb2 O-O 13. Qe2 Bd7 14. Ne4 Nxe4 15. Bxg7 Ng3 16. hxg3 Kxg7 17. Qe5+ Qxe5 18. fxe5 Bc6 19. Rae1 Rad8 20. Rf2 Rd4 21. Rf4 Rfd8 22. Rxd4 Rxd4 23. Re3 b5 24. c3 Rd7 25. Kf2 Kh6 26. Ke2 Bxg2 27. Be4 Bxe4 28. Rxe4 g5 29. Ke3 Kg6 30. c4 h5 31. d4 cxd4+ 32. Rxd4 Rxd4 33. Kxd4 bxc4 34. bxc4 f5 35. exf6 Kxf6 36. c5 0-1

[Event "37th ECCC 2022"]
[Site "Mayrhofen"]
[Date "2022.10.08"]
[Round "6.26"]
[White "Brunner, Nicolas"]
[Black "Shevchenko, Kirill"]
[Result "0-1"]
[WhiteElo "2448"]
[BlackElo "2645"]
[Annotator "TA"]
[PlyCount "104"]
[EventDate "2022.10.03"]
[EventType "team-tourn"]
[EventCountry "AUT"]
[SourceTitle "playchess.com"]
[Source "ChessBase"]
[SourceQuality "1"]

1. d4 Nf6 2. c4 g6 3. Nc3 d5 4. Bf4 Bg7 5. e3 c5 6. dxc5 Qa5 7. Rc1 dxc4 8. Bxc4 O-O 9. Nge2 Qxc5 10. Qb3 Qa5 11. O-O Nbd7 12. h3 Nb6 13. Bc7 Bd7 14. Nf4 e6 15. Bb5 Rfc8 16. Bxd7 Rxc7 17. Bb5 Rac8 18. Rcd1 a6 19. Bd3 Nbd7 20. Nfe2 Ne5 21. a3 Nfd7 22. Qa2 Nxd3 23. Rxd3 Ne5 24. Rdd1 Nc4 25. Rd3 Ne5 26. Rdd1 Nc4 27. Rd3 b5 28. Rfd1 Rc6 29. Rc1 h6 30. Qb3 Be5 31. g3 Bg7 32. Kg2 R6c7 33. e4 h5 34. Kg1 Qb6 35. Rcd1 Bf6 36. Kg2 Qc5 37. Rc1 h4 38. g4 g5 39. Rcd1 Qe5 40. Rd7 Be7 41. Rxc7 Rxc7 42. Nd4 Bc5 43. Nc2 Bd6 44. Rd3 Qh2+ 45. Kf1 Bg3 46. Nd1 Qxh3+ 47. Ke1 Qh1+ 48. Ke2 Qxe4+ 49. Nce3 Nxe3 50. Nxe3 Bf4 51. f3 Qe5 52. Qb4 Bxe3 0-1

[Event "37th ECCC 2022"]
[Site "Mayrhofen"]
[Date "2022.10.08"]
[Round "6.31"]
[White "Anand, Viswanathan"]
[Black "Korobov, Anton"]
[Result "1/2-1/2"]
[WhiteElo "2756"]
[BlackElo "2672"]
[Annotator "TA"]
[PlyCount "133"]
[EventDate "2022.10.03"]
[EventType "team-tourn"]
[EventCountry "AUT"]
[SourceTitle "playchess.com"]
[Source "ChessBase"]
[SourceQuality "1"]

1. e4 e6 2. d4 d5 3. e5 c5 4. c3 Nc6 5. Nf3 Qb6 6. a3 f6 7. Bd3 fxe5 8. dxe5 c4 9. Bc2 g6 10. Qe2 Bg7 11. Be3 Qc7 12. Bf4 Nge7 13. Nbd2 O-O 14. g3 b5 15. h4 h5 16. Bg5 Nf5 17. O-O Bb7 18. Rae1 d4 19. Bxf5 Rxf5 20. cxd4 Raf8 21. Bf6 Bxf6 22. exf6 R8xf6 23. d5 exd5 24. Qe8+ Kg7 25. Nd4 Re5 26. Nxb5 Rxe8 27. Nxc7 Rxe1 28. Rxe1 Kf7 29. Re8 Nd4 30. Rd8 Ne2+ 31. Kf1 Nxg3+ 32. Ke1 Nf5 33. Nxd5 Re6+ 34. Kf1 Ba6 35. Nf3 Rd6 36. Ng5+ Kg7 37. Rxd6 Nxd6 38. Kg2 Bb7 39. Ne6+ Kh6 40. Nec7 c3 41. bxc3 Nc4 42. Kg3 Nxa3 43. Ne3 a5 44. c4 a4 45. Kf4 Nb1 46. Nb5 a3 47. Nc2 a2 48. c5 Ba6 49. Nbd4 Na3 50. Na1 Nb5 51. Ndc2 Nc3 52. c6 Bc8 53. Nd4 g5+ 54. hxg5+ Kg6 55. Nf3 Nd5+ 56. Kg3 Ne7 57. c7 Nf5+ 58. Kf4 h4 59. Nxh4+ Nxh4 60. Ke3 Be6 61. Kd2 Nf3+ 62. Kc3 Ne1 63. Kd2 Ng2 64. Kc3 Nf4 65. Nc2 Kxg5 66. Kb2 Nd3+ 67. Ka1 1/2-1/2

[Event "37th ECCC 2022"]
[Site "Mayrhofen"]
[Date "2022.10.09"]
[Round "7.4"]
[White "Alekseenko, Kirill"]
[Black "Navara, David"]
[Result "1/2-1/2"]
[WhiteElo "2691"]
[BlackElo "2676"]
[Annotator "TA"]
[PlyCount "116"]
[EventDate "2022.10.03"]
[EventType "team-tourn"]
[EventCountry "AUT"]
[SourceTitle "playchess.com"]
[Source "ChessBase"]
[SourceQuality "1"]

1. e4 e5 2. Nf3 Nc6 3. Bb5 Nf6 4. d3 Bc5 5. Bxc6 dxc6 6. Nbd2 Nd7 7. O-O O-O 8. Nc4 Re8 9. a4 Bf8 10. Kh1 c5 11. Be3 f6 12. Nh4 g6 13. Qd2 Nb6 14. Na5 g5 15. Nf5 Bxf5 16. exf5 Rb8 17. Qc3 Kh8 18. Nb3 Nd5 19. Qc4 b6 20. Nd2 Qd7 21. g4 c6 22. Kg2 h5 23. h4 e4 24. Nxe4 hxg4 25. hxg5 Qxf5 26. Rh1+ Kg7 27. gxf6+ Kg6 28. Kg1 b5 29. axb5 cxb5 30. Qa2 a5 31. Ng3 Qe6 32. Qxa5 Nxe3 33. Qc7 Qf7 34. Qxf7+ Kxf7 35. fxe3 Rxe3 36. Ne4 c4 37. Kf2 Rf3+ 38. Ke2 cxd3+ 39. cxd3 Re8 40. Ra7+ Kg6 41. Rh4 Kf5 42. Rb7 Rd8 43. Rxb5+ Kf4 44. Rg5 Re3+ 45. Kf2 Rf3+ 46. Kg2 Rg3+ 47. Nxg3 Kxg5 48. Rh5+ Kxf6 49. Ne4+ Ke6 50. Rh8 Be7 51. Rxd8 Bxd8 52. Kg3 Kd5 53. b4 Kd4 54. Nc5 Be7 55. Ne6+ Kxd3 56. b5 Kc4 57. b6 Kd5 58. Kxg4 Ke5 1/2-1/2

[Event "37th ECCC 2022"]
[Site "Mayrhofen"]
[Date "2022.10.09"]
[Round "7.32"]
[White "Banusz, Tamas"]
[Black "Neugebauer, Martin"]
[Result "1/2-1/2"]
[WhiteElo "2622"]
[BlackElo "2517"]
[Annotator "TA"]
[PlyCount "77"]
[EventDate "2022.10.03"]
[EventType "team-tourn"]
[EventCountry "AUT"]
[SourceTitle "playchess.com"]
[Source "ChessBase"]
[SourceQuality "1"]

1. d4 Nf6 2. c4 e6 3. Bf4 Bb4+ 4. Nd2 O-O 5. Ngf3 d5 6. e3 b6 7. a3 Be7 8. Rc1 c5 9. dxc5 bxc5 10. Bd3 Bb7 11. Qc2 Nbd7 12. O-O h6 13. h3 Qb6 14. Rfe1 Rfe8 15. b3 Bf8 16. cxd5 exd5 17. e4 c4 18. bxc4 dxe4 19. Nxe4 Bxe4 20. Bxe4 Nxe4 21. Rxe4 Bxa3 22. Rce1 Red8 23. Rb1 Qg6 24. Nh4 Qf6 25. Nf5 Bf8 26. Re3 Kh8 27. Rd1 Nc5 28. Rde1 Rd3 29. Re8 Rad8 30. Rxd8 Rxd8 31. Be5 Qg6 32. Re3 f6 33. Bd4 Qf7 34. Bxc5 Bxc5 35. Rg3 Bf8 36. Rd3 Rc8 37. Rd4 a5 38. g3 Qe6 39. g4 1/2-1/2

[Event "37th ECCC 2022"]
[Site "Mayrhofen"]
[Date "2022.10.09"]
[Round "7.44"]
[White "Sanal, Vahap"]
[Black "Berchtenbreiter, Maximilian"]
[Result "1-0"]
[WhiteElo "2595"]
[BlackElo "2509"]
[Annotator "TA"]
[PlyCount "71"]
[EventDate "2022.10.03"]
[EventType "team-tourn"]
[EventCountry "AUT"]
[SourceTitle "playchess.com"]
[Source "ChessBase"]
[SourceQuality "1"]

1. e4 g6 2. d4 Bg7 3. Nf3 c6 4. c4 d5 5. cxd5 cxd5 6. e5 Bg4 7. Bb5+ Nc6 8. O-O Rc8 9. h3 Bxf3 10. Qxf3 e6 11. Nc3 Nge7 12. Bg5 Qb6 13. Rad1 O-O 14. Bf6 Nf5 15. Bxc6 Rxc6 16. Bxg7 Kxg7 17. Ne2 f6 18. Qf4 Qxb2 19. exf6+ Rxf6 20. Qe5 Nd6 21. Rb1 Qxa2 22. Nf4 Kf7 23. Nd3 a5 24. Nc5 b5 25. Nd7 Rf5 26. Qh8 Ke7 27. Ne5 Rc2 28. Qxh7+ Nf7 29. Rxb5 Rc7 30. Qg7 Qa4 31. Nxg6+ Kd7 32. Rb6 Kc8 33. Qf8+ Nd8 34. Ne7+ Rxe7 35. Qxe7 Qc2 36. Rfb1 1-0

[Event "37th ECCC 2022"]
[Site "Mayrhofen"]
[Date "2022.10.09"]
[Round "7.66"]
[White "Friedrich, Norbert"]
[Black "Mihok-Juhasz, Barbara"]
[Result "1-0"]
[WhiteElo "2243"]
[BlackElo "2230"]
[Annotator "TA"]
[PlyCount "67"]
[EventDate "2022.10.03"]
[EventType "team-tourn"]
[EventCountry "AUT"]
[SourceTitle "playchess.com"]
[Source "ChessBase"]
[SourceQuality "1"]

1. e4 c5 2. Nf3 e6 3. c3 d5 4. exd5 Qxd5 5. d4 Nf6 6. Na3 Nc6 7. Be3 cxd4 8. Nb5 Qd8 9. Nbxd4 Nd5 10. Nxc6 bxc6 11. Bd2 Be7 12. c4 Nb6 13. Qc2 c5 14. Rd1 Qc7 15. Bc3 Bf6 16. Bxf6 gxf6 17. Bd3 Bb7 18. Be4 Rg8 19. O-O Ke7 20. Rfe1 h5 21. Bxb7 Qxb7 22. Rxe6+ Kxe6 23. Qe2+ Kf5 24. Nh4+ Kg5 25. Qe3+ Kxh4 26. Qf4+ Rg4 27. Qxf6+ Rg5 28. Qf4+ Rg4 29. Qf6+ Rg5 30. f3 Rag8 31. Qf4+ Rg4 32. fxg4 Qb8 33. Qf6+ Rg5 34. Qf2+ 1-0